| 000 | 00365nam a2200145Ia 4500 | ||
|---|---|---|---|
| 008 | 230312s9999||||xx |||||||||||||| ||und|| | ||
| 020 | _a9698455644 | ||
| 082 |
_a891.4 _bAYU-T |
||
| 100 | _aڈاکٹر ایوب گورایا | ||
| 245 | 0 | _aتر قی کیسے ممکن ھے؟ | |
| 260 |
_bJamhori _apak _c2011 |
||
| 300 | _a224 | ||
| 650 | _aLiterature | ||
| 942 | _cBK | ||
| 999 |
_c15061 _d15061 |
||